Stati per Densità di popolazione - 2000 - Statistics

Statistiche generali
  • Questo quiz è stato fatto 3 volte
  • Il punteggio medio è 5 su 10
Statistiche sulle risposte
Densità (popolazione per km²) Continente Nazione % Corretto
1 010 Asia Bangladesh
100%
874 Asia Bahrein
50%
627 America del Nord Barbados
50%
1 784 Europa Città del Vaticano
50%
934 Asia Maldive
50%
1 239 Europa Malta
50%
583 Africa Mauritius
50%
21 531 Europa Monaco
50%
5 591 Asia Singapore
50%
535 Asia Palestina
0%
Nessun quiz corrispondente trovato
Distribuzione punteggi
Percentuale di utenti per punteggio
Percentile per numero di risposta
I tuoi punteggi nel tempo
Non hai fatto questo quiz